[Event "Sunnyvale Silicon Valley Fall op"]
[Site "Sunnyvale"]
[Date "2023.09.04"]
[Round "8"]
[White "Pompe, Niko"]
[Black "Amburgy, Ryan"]
[Result "1/2-1/2"]
[WhiteElo "2095"]
[BlackElo "2237"]
[PlyCount "71"]
[EventDate "2023.08.31"]
[EventType "swiss"]
[EventRounds "9"]
[EventCountry "USA"]
[SourceTitle "EXT 2024"]
[Source "ChessBase"]
[SourceDate "2023.10.10"]
[SourceVersion "1"]
[SourceVersionDate "2023.10.10"]
[SourceQuality "1"]

1. e4 e5 2. Nf3 Nc6 3. Bb5 f5 4. Nc3 fxe4 5. Nxe4 Nf6 6. Nxf6+ Qxf6 7. 0-0 Be7 8. d3 0-0 9. Bg5 Qe6 10. Bxc6 bxc6 11. Re1 d6 12. Bxe7 Qxe7 13. Nd2 Qh4 14. Qe2 c5 15. Ne4 Bb7 16. f3 Rf5 17. Qf2 Qh6 18. Rad1 Raf8 19. h3 Rf4 20. Kh2 Qg6 21. Qg3 Bxe4 22. Rxe4 Qxg3+ 23. Kxg3 Rxe4 24. dxe4 Rb8 25. Rb1 Kf7 26. Kf2 Ke6 27. Ke3 a5 28. Kd3 c6 29. c4 Rb4 30. Kc3 d5 31. exd5+ cxd5 32. cxd5+ Kxd5 33. Re1 h5 34. b3 a4 35. Re3 axb3 36. axb3 1/2-1/2

[Event "Titled Tuesday intern op 18th Jul Late"]
[Site "Chess.com INT"]
[Date "2023.07.18"]
[Round "6"]
[White "Amburgy, Ryan"]
[Black "Matinian, Nikita"]
[Result "1-0"]
[WhiteElo "2293"]
[BlackElo "2421"]
[PlyCount "75"]
[EventDate "2023.07.18"]
[EventType "swiss (blitz)"]
[EventRounds "11"]
[EventCountry "USA"]
[SourceTitle "EXT 2024"]
[Source "ChessBase"]
[SourceDate "2023.10.10"]
[SourceVersion "1"]
[SourceVersionDate "2023.10.10"]
[SourceQuality "1"]

1. Nf3 g6 2. d4 Bg7 3. e4 d6 4. c4 Bg4 5. Be3 Nc6 6. Be2 Bxf3 7. Bxf3 e5 8. d5 Nd4 9. Nc3 c5 10. dxc6 bxc6 11. 0-0 Ne7 12. g3 0-0 13. Bg2 Rb8 14. b3 c5 15. Nd5 Nxd5 16. cxd5 f5 17. exf5 gxf5 18. Bxd4 cxd4 19. Rc1 e4 20. Rc6 d3 21. f3 Qg5 22. Rxd6 Rbd8 23. Rxd8 Rxd8 24. fxe4 fxe4 25. Rf4 Qxd5 26. Bxe4 Qc5+ 27. Kg2 d2 28. Rf2 Qe3 29. Bc2 Qc3 30. Be4 h6 31. Rf3 Qc1 32. Rf1 Qb2 33. Kh3 Kh8 34. Qg4 Qd4 35. Qg6 Qd7+ 36. g4 Bf8 37. Rf7 d1Q 38. Qh7# 1-0

[Event "Titled Tuesday intern op 18th Jul Late"]
[Site "Chess.com INT"]
[Date "2023.07.18"]
[Round "11"]
[White "Pham, Le Thao Nguyen"]
[Black "Amburgy, Ryan"]
[Result "1/2-1/2"]
[WhiteElo "2369"]
[BlackElo "2293"]
[PlyCount "47"]
[EventDate "2023.07.18"]
[EventType "swiss (blitz)"]
[EventRounds "11"]
[EventCountry "USA"]
[SourceTitle "EXT 2024"]
[Source "ChessBase"]
[SourceDate "2023.10.10"]
[SourceVersion "1"]
[SourceVersionDate "2023.10.10"]
[SourceQuality "1"]

1. d4 Nf6 2. Nf3 d5 3. Bf4 c5 4. e3 Nc6 5. Nbd2 cxd4 6. exd4 Bf5 7. c3 e6 8. Qb3 Qc8 9. Nh4 Bg4 10. h3 Bh5 11. g4 Bg6 12. Nxg6 hxg6 13. Bg2 Be7 14. a4 b6 15. Qb5 Qd7 16. Nb3 0-0 17. 0-0 Ne8 18. a5 Bd6 19. axb6 Bxf4 20. Nc5 Qd6 21. Nb7 Qd7 22. Nc5 Qd6 23. Nb7 Qd7 24. Nc5 1/2-1/2

[Event "Titled Tuesday intern op 04th Jul Early"]
[Site "Chess.com INT"]
[Date "2023.07.04"]
[Round "4"]
[White "Amburgy, Ryan"]
[Black "Xiong, Jeffery"]
[Result "0-1"]
[WhiteElo "2293"]
[BlackElo "2693"]
[PlyCount "118"]
[EventDate "2023.07.04"]
[EventType "swiss (blitz)"]
[EventRounds "11"]
[EventCountry "USA"]
[SourceTitle "EXT 2024"]
[Source "ChessBase"]
[SourceDate "2023.10.10"]
[SourceVersion "1"]
[SourceVersionDate "2023.10.10"]
[SourceQuality "1"]

1. d4 d5 2. c4 e6 3. Nc3 Nf6 4. Nf3 c6 5. g3 dxc4 6. Bg2 Nbd7 7. 0-0 b5 8. e4 Bb7 9. e5 Nd5 10. Ng5 h6 11. Nge4 N7b6 12. a4 Nxc3 13. Nxc3 a6 14. f4 Be7 15. f5 exf5 16. Rxf5 Qd7 17. Rf2 Rd8 18. Be3 0-0 19. Qh5 Qe6 20. axb5 axb5 21. Bh3 Qg6 22. Qxg6 fxg6 23. Be6+ Kh7 24. Rxf8 Bxf8 25. Ra7 Bc8 26. Bxc8 Nxc8 27. Rc7 Ne7 28. Bf2 Rc8 29. Rd7 b4 30. Ne4 Nd5 31. Be1 Be7 32. Kf2 Kg8 33. Ke2 Ra8 34. Nd6 Bxd6 35. Rxd6 Ra2 36. Rxc6 c3 37. Kd3 cxb2 38. Kc2 Ra1 39. Kxb2 Rxe1 40. Rd6 Ne3 41. Kb3 Rb1+ 42. Ka2 Rd1 43. Kb3 Nf5 44. Rd8+ Kf7 45. d5 Ke7 46. Rb8 Rxd5 47. Kxb4 Rxe5 48. Kc3 Re2 49. g4 Nd6 50. Ra8 Rxh2 51. Ra7+ Kf6 52. Ra6 Ke5 53. Ra7 Rg2 54. Rxg7 Rxg4 55. Rh7 h5 56. Kd3 h4 57. Ke3 Nf5+ 58. Kf3 Rg3+ 59. Kf2 Kf4 0-1